000 00521 a2200181 4500
003 OSt
005 20240201125148.0
008 240201b |||||||| |||| 00| 0 eng d
020 _a9788182719873
040 _coclc
082 _a894.8123
_bMUN/C
100 _aMunnoor, Abdurahiman
_98594
245 _aCHARASUNDHARI /
_cAbdurahman Munnur
250 _a1st ed.
260 _aKozhikode:
_bIslamic Publishing House,
_c2020.
300 _a96p.
942 _2ddc
_cBK
_h894.8123
_iMUN/C
_k894.8123
_mMUN/C
999 _c43398
_d43398